000 00572nam a22001577a 4500
003 OSt
005 20151101143648.0
008 151101b xxu||||| |||| 00| 0 eng d
040 _cRUA
082 _aFOR ទិត្យ 1991 B116 Or.1
100 _93145
_aទិត្យ បូរ៉ា
245 _aប្រវត្តនៃសកម្ភាពរុក្ខា ប្រមាញ់ កម្ពុជាក្រោយថ្ងៃរំដោះ ៧ មករា ១៩៧៩
260 _aPhnom Penh
_bRUA
_c1991
300 _a61p.
_bill.
_c29cm.
942 _2ddc
_cFOR
999 _c2934
_d2934